Let go and let God. (Record no. 6627)

000 -LEADER
fixed length control field 00633nam a2200193 a 4500
001 - CONTROL NUMBER
control field :::00004380$&:&@@
003 - CONTROL NUMBER IDENTIFIER
control field OkBaRHE
005 - DATE AND TIME OF LATEST TRANSACTION
control field 20010405110853.0
008 - FIXED-LENGTH DATA ELEMENTS--GENERAL INFORMATION
fixed length control field s1951 j 000 0 eng u
040 ## - CATALOGING SOURCE
Transcribing agency
100 1# - MAIN ENTRY--PERSONAL NAME
Personal name Cliffe, Albert E.
245 10 - TITLE STATEMENT
Title Let go and let God.
260 ## - PUBLICATION, DISTRIBUTION, ETC. (IMPRINT)
Place of publication, distribution, etc Carmel, New York
Name of publisher, distributor, etc Guideposts Associates, Inc.
Date of publication, distribution, etc 1951
300 ## - PHYSICAL DESCRIPTION
Extent 328 p.
700 ## - ADDED ENTRY--PERSONAL NAME
Personal name Neal, Emily Gardiner
942 ## - ADDED ENTRY ELEMENTS (KOHA)
Source of classification or shelving scheme
Koha item type Books
Copies
Full call number Shelving location Date acquired Permanent Location Not for loan Barcode Withdrawn status Copy number Damaged status Source of classification or shelving scheme Date last seen Lost status Koha item type Price effective from
BV 4501 .C646General Stacks2010-04-14RHEMA Bible Training College 4380 1  2010-04-14 Books2010-04-14
BV 4501 .C646General Stacks2010-04-14RHEMA Bible Training College 19439 2  2010-04-14 Books2010-04-14